STN EN 877/A1/AC: 2008 (13 8110), Rúry, tvarovky, príslušenstvo z liatiny a ich spájanie na odvodňovanie budov. Požiadavky, skúšobné metódy a zabezpečovanie kvality. Zmena A1. Oprava AC
Táto oprava AC STN EN 877: 2001/A1: 2007 je slovenskou verziou EN 877: 1999/A1: 2006/AC: 2008
| Other Authors: | |
|---|---|
| Format: | Book |
| Language: | Slovak English |
| PhysicalDescription: | 8 s. obr., tab. 30 cm |
| Published: |
Bratislava
Slovenský ústav technickej normalizácie
2008
|
| Subjects: |
MARC
| LEADER | 00000cam a2200000 a 4500 | ||
|---|---|---|---|
| 001 | vtls009824538 | ||
| 003 | SK-MaSNL | ||
| 005 | 20260301171641.0 | ||
| 008 | 130117s2008 xo a f u 000 0 slo | ||
| 015 | |a SNBN2011/01-00859 | ||
| 020 | |c (cen. skup. 8) | ||
| 035 | |a (SVKBBclas03)vtls000296265 | ||
| 040 | |a SNK |b slo |c SNK |e AACR2 | ||
| 041 | 1 | |a slo |h eng | |
| 044 | |a xo |c SK | ||
| 046 | |a s |m 200808 (účin.) | ||
| 072 | 7 | |a 696 |x Inštalácie v budovách |2 konspekt | |
| 072 | 7 | |a 628 |x Sanitárna technika. Vodárenstvo. Odpadové hospodárstvo. Svetelná technika |2 konspekt | |
| 080 | |a 628.21-034.13 |2 2001 | ||
| 080 | |a 669.13 |2 2001 | ||
| 080 | |a 696.133 |2 2001 | ||
| 080 | |a 006.7/.8 |2 2001 | ||
| 080 | |a (437.6) |2 2001 | ||
| 080 | |a (4) |2 2001 | ||
| 080 | |a 23.040.40 |2 ICS | ||
| 084 | |a 23.040.10 |2 ICS | ||
| 130 | 0 | |a STN 13 8110 (STN EN 877/A1/AC) |9 539716 | |
| 245 | 1 | 0 | |a STN EN 877/A1/AC: 2008 (13 8110), Rúry, tvarovky, príslušenstvo z liatiny a ich spájanie na odvodňovanie budov. Požiadavky, skúšobné metódy a zabezpečovanie kvality. Zmena A1. Oprava AC |
| 246 | 1 | 0 | |a Rúry, tvarovky, príslušenstvo z liatiny a ich spájanie na odvodňovanie budov. Požiadavky, skúšobné metódy a zabezpečovanie kvality. Zmena A1. Oprava AC |
| 246 | 3 | |a EN 877/A1/AC: 2008 E | |
| 260 | |a Bratislava |b Slovenský ústav technickej normalizácie |c 2008 | ||
| 300 | |a 8 s. |b obr., tab. |c 30 cm | ||
| 500 | |a Dátum účinnosti opravy: august 2008 | ||
| 500 | |a Spracovateľ Ladislav Brodňan | ||
| 520 | 8 | |a Táto oprava AC STN EN 877: 2001/A1: 2007 je slovenskou verziou EN 877: 1999/A1: 2006/AC: 2008 | |
| 540 | |a STN vydané na akomkoľvek nosiči sa môžu rozmnožovať a rozširovať iba so súhlasom určenej právnickej osoby |b SÚTN Bratislava |c zákon 264/1999 Z.z. | ||
| 650 | 0 | 7 | |a liatinové kanalizačné rúry |2 SVKBBPH |9 539717 |
| 650 | 0 | 7 | |a technické normy a štandardy |z Slovensko |2 SVKBBPH |9 79594 |
| 650 | 0 | 7 | |a technické normy a štandardy |z krajiny Európskej únie |2 SVKBBPH |9 289341 |
| 655 | 7 | |a normy |2 SVKBBPH |9 70643 | |
| 700 | 1 | |a Brodňan, Ladislav |4 trl |9 279836 | |
| 710 | 2 | |a Slovenský ústav technickej normalizácie (Bratislava, Slovensko). |b Technická komisia č. 45 Oceľ, hliník a neželezné kovy |4 stn |9 314598 | |
| 710 | 2 | |a Slovenský ústav technickej normalizácie (Bratislava, Slovensko). |b Technická komisia č. 1 Vodovody a kanalizácie |4 stn |9 306998 | |
| 774 | 1 | 8 | |t STN EN 877: 2001 |d Bratislava : Slovenský ústav technickej normalizácie, 2001 |w vtls |
| 958 | |a OP | ||
| 999 | |c 831313 |d 833243 | ||
| 952 | |a SNK |b SNK |y PREZ |7 0 |p 17A0602520 |o snkSTN EN 877/A1/AC D1 |i snk2008/20384 |8 0 |z Oprava AC/august 2008 |0 0 |1 0 |4 0 |d 2008-10-21 |l 0 |r 2026-02-24 03:38:14 |w 2026-02-24 | ||
| 952 | |a SNK |b SNK |y PREZ |7 0 |p 17A0602519 |o snkSTN EN 877/A1/AC |i snk2008/20379 |8 0 |z Oprava AC/august 2008 |0 0 |1 0 |4 0 |d 2008-10-21 |l 0 |r 2026-02-24 03:38:14 |w 2026-02-24 | ||


